| 000 | 00860nam a22002417a 4500 | ||
|---|---|---|---|
| 999 |
_c15735 _d15735 |
||
| 003 | MIRAKIL | ||
| 005 | 20240322105251.0 | ||
| 008 | 240322b tu ||||| |||| 00| 0 tur d | ||
| 020 | _a9789751746269 | ||
| 040 |
_aTR-AnCHP _cTR-AnCHP |
||
| 041 | _atur | ||
| 082 |
_a415 _bS24e 2020 |
||
| 100 | _aSalan, Erkan | ||
| 245 | 1 | 0 |
_aEski Anadolu Türkçesinde sınırlandırma yapıları / _cDoç. Dr. Erkan Salan. |
| 250 | _aBirinci baskı: Ankara, 2020 Kasım | ||
| 260 |
_aAnkara : _bTürk Dil Kurumu, _c2020. |
||
| 300 |
_a298 sayfa : _btablo ; _c24 cm |
||
| 490 | 0 |
_aAtatürk Kültür, Dil ve Tarih Kurumu Yüksek Kurumu Türk Dil Kurumu yayınları ; _v1352. |
|
| 504 | _aKaynakça: 279-298. sayfa | ||
| 650 | 0 |
_97751 _aEski Türk dili |
|
| 856 | _zDijital Nüshası için Partimizin Kütüphane Sorumlusu ile iletişime geçiniz. | ||
| 942 |
_2ddc _cBKS |
||